| 000 | 01023nam a2200337 c 4500 | ||
|---|---|---|---|
| 001 | 22171 | ||
| 003 | ES-MaCES | ||
| 005 | 20141221122754.0 | ||
| 008 | 090602s2009 sp t 000 | spa d | ||
| 017 |
_aB 18499-2009 _bDL |
||
| 020 | _a9788493703806 | ||
| 035 | _aCES20090005768m | ||
| 040 |
_aES-MaCES _bspa _cES-MaCES |
||
| 100 | 1 |
_aNiño Becerra, Santiago _919669 |
|
| 245 | 1 | 3 |
_aEl crash del 2010 _b: toda la verdad sobre la crisis _cSantiago Niño Becerra |
| 250 | _a1ª ed., 6ª reimp. | ||
| 260 |
_aBarcelona _bLos libros del lince _c2009 |
||
| 300 |
_a229 p. _c24 cm |
||
| 490 | 1 |
_aSin fronteras _v7 |
|
| 504 | _aBibliografía: p. 227-229 | ||
| 541 | _cCompra | ||
| 650 | 4 |
_acrisis económica _927102 |
|
| 650 | 4 |
_acondiciones económicas _927081 |
|
| 650 | 4 |
_a2010 _931233 |
|
| 650 | 4 |
_aanálisis económico _927070 |
|
| 653 | 1 | 0 | _aCondiciones económicas |
| 830 | 0 |
_aSin fronteras _v7 _934450 |
|
| 902 | _aLIB Libro | ||
| 942 |
_2CES _cBK _h0.0. |
||
| 999 |
_c22171 _d22171 |
||